N,N-methylene bisacrylamide-crosslinked polyacrylamide for controlled release urea fertilizer formulations (Record no. 63365)

MARC details
000 -LEADER
fixed length control field 01124nam a2200145Ia 4500
100 ## - MAIN ENTRY--AUTHOR NAME
Personal name Abraham J
245 #0 - TITLE STATEMENT
Title N,N-methylene bisacrylamide-crosslinked polyacrylamide for controlled release urea fertilizer formulations
260 ## - PUBLICATION, DISTRIBUTION, ETC. (IMPRINT)
Name of publisher Communications in Soil Science and Plant Analysis
Year of publication 1995
300 ## - PHYSICAL DESCRIPTION
Number of Pages 3231-3241
520 ## - SUMMARY, ETC.
Summary, etc Controlled release urea fertilizers based on N,N-methylene bisacrylene (NNMBA) - crosslinked polyacrylamide soil conditioner are described. Laboratory preparation and evaluation of coated urea fertilizers were conducted. Urea was initially coated with the copolymer of acrylamide and NNMBA. Ethylene vinylacetate (EVA), natural rubber (NR), and polyvinylchloride (PVC) were compared with polystyrene (PS) for their suitability to be used as sealant material in coating fertilizer urea with the copolymer of acrylamide and NNMBA. The coated system with EVA had a greater slow release character than that with PS while NR and PVC systems had a lesser slow release character.
650 ## - SUBJECT ADDED ENTRY--TOPICAL TERM
Topical Term Urea fertilizer
700 ## - ADDED ENTRY--PERSONAL NAME
Personal name Pillai V N R
942 ## - ADDED ENTRY ELEMENTS (KOHA)
Koha item type Journals
Holdings
Withdrawn status Lost status Damaged status Not for loan Home library Current library Shelving location Date acquired Serial Enumeration / chronology Koha item type
      Journals RRII Library RRII Library Soils and agonomy 17/12/2021 Volume 26, Issue 19/20 Journals